| 000 | 00457nam a2200181Ia 4500 | ||
|---|---|---|---|
| 001 | 18030 | ||
| 005 | 20260306171600.0 | ||
| 008 | 260306s9999||||xx |||||||||||||| ||und|| | ||
| 041 | _aESP | ||
| 082 |
_a658.32 _bG71 |
||
| 100 |
_aGonzález Ariza, Ángel León _eAUT |
||
| 245 | 0 | _aMétodos de compensación basados en competencias | |
| 260 | _c2013 | ||
| 300 |
_a348 páginas : _c24 cm. |
||
| 650 | _aGEN | ||
| 654 | _aCAN | ||
| 942 |
_cLIB _dJUS _fJUS _2ddc _n |
||
| 999 |
_c18030 _d18030 |
||